| 000 | 01721cam a2200325 a 4500 | ||
|---|---|---|---|
| 001 | 17125821 | ||
| 003 | Nust- CAS-E | ||
| 005 | 20180118181403.0 | ||
| 008 | 120118s2012 nju b 001 0 eng | ||
| 010 | _a 2011051083 | ||
| 020 | _a9781118087565 | ||
| 040 |
_aDLC _cDLC |
||
| 042 | _apcc | ||
| 050 | 0 | 0 |
_aTK2931 _b.B35 2012 |
| 082 | 0 | 0 |
_a621.31/2429 _223 _bBAG 2012 |
| 084 |
_aTEC031000 _2bisacsh |
||
| 100 | 1 |
_aBagot︠s︡kiĭ, V. S. _q(Vladimir Sergeevich) |
|
| 245 | 1 | 0 |
_aFuel cells : _bproblems and solutions / _cVladimir S. Bagotsky. |
| 250 | _a2nd ed. | ||
| 260 |
_aHoboken, N.J. : _bWiley, _c2012. |
||
| 300 |
_axviii, 385 p. : _bill. ; $c 24 cm. |
||
| 500 | _aIncludes bibliographical references and index. | ||
| 520 | _a"This book extracts the most important information on fuel cells, analyzes it, and assesses its scientific value and technical importance. It provides a full yet concise description of all the important aspects of fuel cells from major types to their historical development to inherent scientific and engineering problems and their commercialization and applications. This edition adds two new chapters, one on structural and wetting properties of porous fuel cell components and the other on fuel cells with mixed reactant supply, and updates all chapters with current knowledge for each topic"-- | ||
| 650 | 0 | _aFuel cells. | |
| 650 | 7 |
_aTECHNOLOGY & ENGINEERING / Power Resources / General _2bisacsh. |
|
| 856 | 4 | 2 |
_3Cover image _uhttp://catalogimages.wiley.com/images/db/jimages/9781118087565.jpg |
| 906 |
_a7 _bcbc _corignew _d1 _eecip _f20 _gy-gencatlg |
||
| 942 |
_2ddc _cBK |
||
| 999 |
_c355476 _d355476 |
||